000 01646cam a2200133 4500500
005 20251214005358.0
041 _afre
042 _adc
100 1 0 _aLaïdi, Ali
_eauthor
245 0 0 _aAux sources de la guerre économique : Fondements historiques et philosophiques
260 _bArmand Colin,
_c2012.
520 _aLa guerre économique est partout. Elle oppose les États entre eux, les entreprises entre elles, les États aux entreprises, les marchés aux États… Ses champs de bataille sont sans limites. Subventions déguisées, espionnage industriel, guerre de l’information, manipulation des monnaies, évasion fiscale… tous les coups sont permis. Les tensions montent et la tentation du protectionnisme revient en force. Hier, la guerre économique était totalement ignorée. Ceux qui osaient en parler passaient, au pire, pour des adeptes de la théorie du complot, au mieux, pour des incultes en matière économique. Pas étonnant, car la guerre économique est rejetée aussi bien par les libéraux que par les penseurs de la gauche et de l’extrême gauche. Or, comme le montre l’auteur, dans cette investigation généalogique, ses racines intellectuelles et philosophiques sont très anciennes. Elles puisent dans les textes des grands auteurs depuis Sun Tzu jusqu’à Raymond Aron en passant par Rousseau, Hobbes, etc., pour aboutir à sa forme contemporaine. La guerre économique n’est pas une idéologie. Elle n’est que le symptôme d’un nouveau malaise de la civilisation.
856 4 1 _uhttps://shs.cairn.info/aux-sources-de-la-guerre-economique--9782200277819?lang=fr&redirect-ssocas=7080
999 _c1568811
_d1568811